ADVANCED COMPUTER ARCHITECTURE (Record no. 32603)
[ view plain ]
| 000 -LEADER | |
|---|---|
| fixed length control field | 00266nam a22001217a 4500 |
| 003 - CONTROL NUMBER IDENTIFIER | |
| control field | SGT |
| 082 ## - DEWEY DECIMAL CLASSIFICATION NUMBER | |
| Classification number | 004.22,HWA |
| 100 ## - MAIN ENTRY--PERSONAL NAME | |
| Personal name | HWANG KAI |
| 245 ## - TITLE STATEMENT | |
| Title | ADVANCED COMPUTER ARCHITECTURE |
| 260 ## - PUBLICATION, DISTRIBUTION, ETC. (IMPRINT) | |
| Place of publication, distribution, etc | NEW DELHI |
| Name of publisher, distributor, etc | TATA MC GRAW HILL |
| Year of Publication | 2012 |
| 300 ## - PAGE DESCRIPTION | |
| No. of Pages | 723 |
| 942 ## - ADDED ENTRY ELEMENTS (KOHA) | |
| Source of classification or shelving scheme | Dewey Decimal Classification |
| Koha item type | Books |
| Withdrawn status | Lost status | Source of classification or shelving scheme | Damaged status | Not for loan | Collection code | Home library | Current library | Shelving location | Date acquired | Vendor Name | SGTU | Full call number | Accession No. (Barcode) | Date last seen | Bill Date | Koha item type |
|---|---|---|---|---|---|---|---|---|---|---|---|---|---|---|---|---|
| Dewey Decimal Classification | ENGINEERING | SGT Engineering Library | SGT Engineering Library | Text Book | 28/08/2025 | SPECIMEN COPY | SGTU | 004.22,HWA | FE9345 | 28/08/2025 | 28/08/2025 | Gifted Books |